000 00325 a2200109 4500
001 ART_49652
005 20260410161745.0
008 260409a
245 1 0 _aFuentes e interpretación en el derecho del trabajo
100 1 _aFormaro, Juan J.
773 0 _tDoctrina laboral
_g- N° 409 (sep. 2019)
_wREV4049
999 _c19121
_d19121